000 00529pab a2200169 454500
008 180718b2010 xxu||||| |||| 00| 0 eng d
100 _aGakwad, Vijay D.
245 _aRelative importance and effective utilization of water resources for fish farming in upper Krishna basin of Maharashtra: a spatio and temporal analysis
260 _c2010
300 _ap.26-31.
650 _aWater resources
650 _aFishing
700 _aPawar, C.T.
773 _aIndian Journal of Regional Science
908 _aN
909 _a87573
999 _c87573
_d87573